LIBRARY & INFORMATION CENTRE, KCAET, TAVANUR

ONLINE PUBLIC ACCESS CATALOGUE (OPAC)

Junior geometry for colleges / (Record no. 235)

MARC details
000 -LEADER
fixed length control field 00564cam a2200229ua 4500
041 ## - LANGUAGE CODE
Language code of text/sound track or separate title eng
082 ## - DEWEY DECIMAL CLASSIFICATION NUMBER
Classification number 516
Item number SRI/JU
100 ## - MAIN ENTRY--AUTHOR NAME
Personal name Srinivasan, G A.
245 ## - TITLE STATEMENT
Title Junior geometry for colleges /
250 ## - EDITION STATEMENT
Edition statement 5 /
260 ## - PUBLICATION, DISTRIBUTION, ETC. (IMPRINT)
Place of publication London :
Name of publisher Orient-Longman Ltd ,
Year of publication 1964.
300 ## - PHYSICAL DESCRIPTION
Number of Pages 297 ; .
650 ## - SUBJECT ADDED ENTRY--TOPICAL TERM
Topical Term Geometry
700 1# - ADDED ENTRY--PERSONAL NAME
Personal name Krishnamachari, C.
700 1# - ADDED ENTRY--PERSONAL NAME
Personal name Krishnamachari, C.
942 ## - ADDED ENTRY ELEMENTS (KOHA)
Koha item type Books
Holdings
Withdrawn status Lost status Damaged status Home library Current library Date acquired Full call number Accession Number Koha item type
      KAUAET KAUAET 07/04/2012 516 9782 Books
Withdrawn     KAUAET KAUAET 07/04/2012 516 7985 Books
free website counter